Realizácia nápravných opatrení na zníženie rizika na technologickom zariadení
Guardado en:
| Autor principal: | |
|---|---|
| Otros Autores: | |
| Formato: | Manuscrito Libro |
| Lenguaje: | eslovaco |
| Publicado: |
2025
|
| Materias: | |
| Acceso en línea: | http://is.stuba.sk/zp/portal_zp.pl?podrobnosti=183732 |
| Etiquetas: |
Sin Etiquetas, Sea el primero en etiquetar este registro!
|
MARC
| LEADER | 00000ntm a22000003a 4500 | ||
|---|---|---|---|
| 001 | stuzp105525 | ||
| 003 | SK-STU | ||
| 005 | 20250614213911.0 | ||
| 007 | ta | ||
| 008 | 150427s2015----xo-----f-mn---000-0-slo-d | ||
| 040 | |a STU |b slo | ||
| 041 | 0 | |a slo | |
| 100 | 1 | |a Haššo, Roman |u 065000 |4 aut |U MTF Materiálovotechnologická fakulta |T MTF Ústav integrovanej bezpečnosti |X 111860 |U M5000 |Y 85 |7 111860 | |
| 242 | 0 | 1 | |a Implementation of corrective actions to reduce risk on technological equipment |y eng |
| 245 | 1 | 0 | |a Realizácia nápravných opatrení na zníženie rizika na technologickom zariadení |
| 260 | |c 2025 | ||
| 650 | 4 | |a automatic shutdown |2 eng | |
| 650 | 4 | |a efficiency |2 eng | |
| 650 | 4 | |a risk |2 eng | |
| 650 | 4 | |a corrective measures |2 eng | |
| 650 | 4 | |a riziko |2 slo | |
| 650 | 4 | |a nápravné opatrenia |2 slo | |
| 650 | 4 | |a automatické odstavenie |2 slo | |
| 650 | 4 | |a efektívnosť |2 slo | |
| 700 | 1 | |a Kuracina, Richard |u 065200 |k Z1 |4 ths |U MTF Ústav integrovanej bezpečnosti |T MTF Katedra bezpečnostného inžinierstva |X 38282 |U M5200 |Y 192 |7 A000038282 | |
| 856 | 4 | |u http://is.stuba.sk/zp/portal_zp.pl?podrobnosti=183732 | |
| 996 | |c M* DP-15540 |l MMSKP |s P |a 0 |w stuzp105525_0001 | ||